<?xml version="1.0" encoding="UTF-8"?><?xml-stylesheet type="text/xsl" href="static/style.xsl"?><OAI-PMH xmlns="http://www.openarchives.org/OAI/2.0/" xmlns:xsi="http://www.w3.org/2001/XMLSchema-instance" xsi:schemaLocation="http://www.openarchives.org/OAI/2.0/ http://www.openarchives.org/OAI/2.0/OAI-PMH.xsd"><responseDate>2026-06-03T16:26:02Z</responseDate><request verb="GetRecord" identifier="oai:riubu.ubu.es:10259/4048" metadataPrefix="marc">https://riubu.ubu.es/oai/request</request><GetRecord><record><header><identifier>oai:riubu.ubu.es:10259/4048</identifier><datestamp>2024-07-18T10:21:33Z</datestamp><setSpec>com_10259_9435</setSpec><setSpec>com_10259_5087</setSpec><setSpec>com_10259_2728</setSpec><setSpec>col_10259_9436</setSpec></header><metadata><record xmlns="http://www.loc.gov/MARC21/slim" xmlns:doc="http://www.lyncode.com/xoai" xmlns:xsi="http://www.w3.org/2001/XMLSchema-instance" xmlns:dcterms="http://purl.org/dc/terms/" xsi:schemaLocation="http://www.loc.gov/MARC21/slim http://www.loc.gov/standards/marcxml/schema/MARC21slim.xsd">
<leader>00925njm 22002777a 4500</leader>
<datafield tag="042" ind1=" " ind2=" ">
<subfield code="a">dc</subfield>
</datafield>
<datafield tag="720" ind1=" " ind2=" ">
<subfield code="a">Marcos Gómez, Sergio</subfield>
<subfield code="e">author</subfield>
</datafield>
<datafield tag="720" ind1=" " ind2=" ">
<subfield code="a">Queimadelos Navarro, Sofía</subfield>
<subfield code="e">author</subfield>
</datafield>
<datafield tag="720" ind1=" " ind2=" ">
<subfield code="a">Rodríguez Martín, Samuel</subfield>
<subfield code="e">author</subfield>
</datafield>
<datafield tag="720" ind1=" " ind2=" ">
<subfield code="a">Sañudo Herrero, Alba</subfield>
<subfield code="e">author</subfield>
</datafield>
<datafield tag="520" ind1=" " ind2=" ">
<subfield code="a">El presente trabajo está enfocado al área psicomotor, siguiendo las bases de la intervención de Atención Temprana, desde el campo de la Terapia Ocupacional en la afectación de Parálisis Cerebral Infantil (PCI).&#xd;
El tratamiento empleado está dirigido a potenciar la funcionalidad del miembro afecto, para facilitar al paciente su desempeño en las Actividades de la Vida Diaria, Ocio y Tiempo Libre.&#xd;
Tras llevar a cabo la intervención, se realizó una recogida de datos y se analizó si los objetivos planteados habían tenido éxito.&#xd;
En el informe, se detallan características del colectivo, del paciente y del centro donde se realizará la intervención; así como la metodología, la evaluación y las actividades propuestas por el equipo. Tras una puesta en marcha ficticia, se analizan e interpretan los resultados obtenidos en las diferentes herramientas de evaluación empleadas.</subfield>
</datafield>
<datafield tag="520" ind1=" " ind2=" ">
<subfield code="a">This paper is focused on Early Childhood intervention from the field of Occupational Therapy on the disease of Children Cerebral Palsy (CCP).&#xd;
The treatment used is directed toward enhancing the functionality of the affected limb to facilitate patient participation in the Activities of Daily Living, Leisure and Recreation.&#xd;
After carrying out the intervention, data collection was done so we can analyze whether the objectives have been met.&#xd;
The report detailed characteristics of the group, the patient and the facility where the surgery will be performed, as well as the methodology, how to evaluate, and the activities proposed by the team. After a fictitious start up, analyzed and interpreted the results of different assessment tools used.</subfield>
</datafield>
<datafield tag="024" ind2=" " ind1="8">
<subfield code="a">http://hdl.handle.net/10259/4048</subfield>
</datafield>
<datafield ind1=" " ind2=" " tag="653">
<subfield code="a">Parálisis Cerebral (PC)</subfield>
</datafield>
<datafield ind1=" " ind2=" " tag="653">
<subfield code="a">patrón hemipléjico</subfield>
</datafield>
<datafield ind1=" " ind2=" " tag="653">
<subfield code="a">motricidad</subfield>
</datafield>
<datafield ind1=" " ind2=" " tag="653">
<subfield code="a">patrones de movimiento</subfield>
</datafield>
<datafield ind1=" " ind2=" " tag="653">
<subfield code="a">Cerebral Palsy (CP)</subfield>
</datafield>
<datafield ind1=" " ind2=" " tag="653">
<subfield code="a">hemiplegic pattern</subfield>
</datafield>
<datafield ind1=" " ind2=" " tag="653">
<subfield code="a">motor skills</subfield>
</datafield>
<datafield ind1=" " ind2=" " tag="653">
<subfield code="a">movement patterns</subfield>
</datafield>
<datafield tag="245" ind1="0" ind2="0">
<subfield code="a">Caso práctico parálisis cerebral</subfield>
</datafield>
</record></metadata></record></GetRecord></OAI-PMH>